|
|
|
|
| LEADER |
01109nam a2200301 a 4500 |
| 001 |
3287 |
| 003 |
BD-DhAAL |
| 005 |
20150415144854.0 |
| 008 |
150415s1997 iaua b 001 0 eng |
| 010 |
|
|
|a 96086614
|
| 020 |
|
|
|a 0697291588
|
| 040 |
|
|
|a DLC
|c DLC
|d BD-DhAAL
|
| 050 |
0 |
0 |
|a QD415
|b .C482 1997
|
| 082 |
0 |
0 |
|a 540
|2 21
|
| 245 |
0 |
0 |
|a Chemistry in context :
|b applying chemistry to society /
|c A. Truman Schwartz ... [et al.].
|
| 250 |
|
|
|a 2nd ed.
|
| 260 |
|
|
|a Dubuque, IA :
|b Wm. C. Brown,
|c c1997.
|
| 300 |
|
|
|a xviii, 502 p. :
|b col. ill. ;
|c 28 cm.
|
| 500 |
|
|
|a "A project of the American Chemical Society."
|
| 504 |
|
|
|a Includes bibliographical references and index.
|
| 541 |
|
|
|e 3287
|
| 650 |
|
0 |
|a Biochemistry.
|9 8164
|
| 650 |
|
0 |
|a Geochemistry.
|9 10418
|
| 700 |
1 |
|
|a Schwartz, A. Truman
|q (Albert Truman),
|d 1934-
|9 10419
|
| 710 |
2 |
|
|a American Chemical Society.
|9 10420
|
| 942 |
|
|
|2 ddc
|c BK
|
| 999 |
|
|
|c 34239
|d 34239
|
| 952 |
|
|
|0 0
|1 0
|2 ddc
|4 0
|6 540_000000000000000_CHE
|7 0
|9 53457
|a SCL
|b SCL
|c GEN
|d 2015-04-15
|e Gift: The Asia Foundation
|l 1
|m 1
|o 540 CHE
|p 3020003287
|r 2018-04-07
|s 2018-03-28
|t 1
|w 2015-04-15
|y BK
|